000
00328 a2200109 4500
001
ART_58058
005
20260410161815.0
008
260409a
245
1
0
_a
Sobre la enseñanza del Derecho Constitucional.
100
1
_a
Gusman, Alfredo S.
773
0
_t
Academia
_g
- Año 18, N° 37 (ene./jun. 2021)
_w
REV4314
999
_c
21863
_d
21863